KOHA-Header-6

Hikayat-i-Saadi (Record no. 2923)

000 -LEADER
fixed length control field 00264nam a2200109Ia 4500
008 - FIXED-LENGTH DATA ELEMENTS--GENERAL INFORMATION
fixed length control field 190902s9999||||xx |||||||||||||| ||und||
100 ## - MAIN ENTRY--PERSONAL NAME
Personal name Shaikh Saadi Shirazi
245 #0 - TITLE STATEMENT
Title Hikayat-i-Saadi
260 ## - PUBLICATION, DISTRIBUTION, ETC. (IMPRINT)
Place of publication, distribution, etc Lahore
Name of publisher, distributor, etc Alasar Publications
Date of publication, distribution, etc 2000
300 ## - PHYSICAL DESCRIPTION
Extent 288
942 ## - ADDED ENTRY ELEMENTS (KOHA)
Koha item type Books
Holdings
Withdrawn status Lost status Source of classification or shelving scheme Damaged status Not for loan Collection code Permanent Location Current Location Shelving location Date acquired Total Checkouts Barcode Date last seen Date checked out Price effective from Koha item type
          Islamic Studies MAJU MAJU   2019-09-02 1 6596 2019-10-28 2019-10-12 2019-09-02 Islamic Studies

Powered by Koha